1719 1629 1900 1952 1017 1595 1498 1885 1403 1601 1546 1647 1499 1511 1722 1835 1429 1330 1772 1896 1870 1793 1008 1593 1057 1056 1157 1548 1145 1819 1873 1307 1116 1630 1920 1678 1017 1157 1148 1438 1943 1809 1196 1757 1415 1208 1228 1590 1152 1232 1747 1861 1380 1790 1768 1734 1722 1810 1900 1259 1141 1604 1982 1714 1414 1206 1856 1925 1084 1765 1943 1561 1041 1582 1938 1257 1308 1447 1054 1424 1106 1630 1697 1198 1269 1632 1462 1876 1564 1446 1299 1580 1563 1897 1187 1086 1952 1256 1271 BCNSPRNW ULIB Ver.6.0+V

เปลี่ยนเป็นภาษาไทย

Change to English
 แสดงรายละเอียดบรรณานุกรม
  กลับหน้าหลัก

Brief Record : Get Marc (ISO 2709) : E-mail record : QR code < ปิดหน้าต่าง
LEADER : 00000nam 2200000uu 4500
001    13399126574
003     ULIB
008    181122s2558||||th 000 0 tha d
020    ^a9786162832956
050  0 ^aDS578.32.S57 ^bก726ห
110 1  ^aกรมศิลปากร. ^bสำนักหอจดหมายเหตุแห่งชาติ
245 10 ^aหนังสือจดหมายเหตุงานเฉลิมพระเกียรติสมเด็จพระเทพรัตนราชสุดาเจ้าฟ้ามหาจักรีสิรินธร สยามบรมราชกุมารี ในโอกาสฉลองพระชนมายุ 5 รอบ2 เมษายน 2558 /^cบรรณาธิการ : กุลทรัพย์ เกษแม่นกิจ
250    ^aพิมพ์ครั้งที่ 1
260  1 ^aกรุงเทพฯ :^bสำนักหอจดหมายเหตุแห่งชาติ กรมศิลปากร,^c2558
300    ^a(9), 477 หน้า :^bภาพประกอบสี ;^c30 ซม.
505 0  ^aภาคที่ 1 พระราชประวัติ พระราชกรณียกิจ และพระเกียรติคุณ -- ภาคที่ 2 การจัดเตรียมงานเฉลิมพระเกียรติ -- ภาคที่ 3 พระราชพิธีฉลองพระชนมายุ 5รอบ สมเด็จพระเทพรัตนราชสุดาฯ สยามบรมราชกุมารี -- ภาคที่ 4พิธีถวายพระพรชัยมงคลและมหรสพสมโภช -- ภาคที่ 5โครงการและกิจกรรมเฉลิมพระเกียรติ
600 07 ^aเทพรัตนราชสุดาฯ สยามบรมราชกุมารี,^cสมเด็จพระ,^d2498 -^xชีวประวัติ
600 07 ^aเทพรัตนราชสุดาฯ สยามบรมราชกุมารี,^cสมเด็จพระ,^d2498 -^xพระราชกรณียกิจ
700 0  ^aกุลทรัพย์ เกษแม่นกิจ
945    ^p0^l0^i26864
999    ^aกัณชพร จุลอักษร
รายการนี้ยังไม่มีแท็ก
คุณยังไม่ได้ล็อกอิน คุณสามารถมีกิจกรรมร่วมกับเว็บไซต์ได้ แต่ต้องล็อกอินก่อน ::
  ล็อกอิน

รายการสื่อสารสนเทศ

ลำดับที่ ประเภท เลขเรียก/บาร์โค้ด สถานที่ สถานะ
1. การศึกษาทั่วไป
การศึกษาทั่วไป
DS578.32.S57 ก726ห ฉ.1 
  Barcode: 26864
ห้องสมุดวิทยาเขตนครสวรรค์
►หนังสือทั่วไป:l:General Books
บนชั้น

BibComment


ยังไม่เคยถูกคอมเมนท์

คอมเมนท์ทรัพยากรรายการนี้
  คอมเมนท์: หนังสือจดหมายเหต..


 Copyright 2026. Bcnsprnw @Library